[Event "Reykjavik Open 2015"]
[Site "Reykjavik ISL"]
[Date "2015.03.15"]
[Round "7.18"]
[White "Khademalsharieh, Sarasadat"]
[Black "Brunello, Sabino"]
[Result "1-0"]
[WhiteTitle "WGM"]
[BlackTitle "GM"]
[WhiteElo "2357"]
[BlackElo "2540"]
[WhiteFideId "12512214"]
[BlackFideId "813613"]
[EventDate "2015.03.10"]

1. d4 Nf6 2. Nf3 e6 3. c4 c5 4. e3 cxd4 5. exd4 Bb4+ 6. Nc3 d5 7. Bd3 dxc4 8.
Bxc4 O-O 9. O-O b6 10. Bg5 Nbd7 11. d5 Nc5 12. dxe6 Bxe6 13. Bxe6 fxe6 14. Nb5
Qxd1 15. Raxd1 Nce4 16. Bxf6 Nxf6 17. a3 Be7 18. Nc7 Rac8 19. Nxe6 Rfe8 20. Nfd4
Ne4 21. Rfe1 Nd6 22. g3 Bf6 23. Re2 Rc4 24. b3 Rcc8 25. Nf4 Rxe2 26. Ndxe2 Ne4
27. Rd7 Rc2 28. h4 Nc5 29. Rxa7 Nxb3 30. Rd7 Ra2 31. Rd6 Rxa3 32. Rxb6 Nd4 33.
Rb8+ Kf7 34. Rb7+ Kg8 35. Nxd4 Bxd4 36. Ne6 Rxg3+ 37. Kf1 Rg4 38. Rb4 Rxh4 39.
Nxd4 Kf7 40. Rb7+ Kf6 41. Rb6+ Kf7 42. Nf3 Rh5 43. Kg2 Ra5 44. Kg3 h6 45. Nd4
Rd5 46. Ne2 Rg5+ 47. Kf4 Ra5 48. Nd4 Ra2 49. f3 Ra4 50. Ke5 Ra5+ 51. Ke4 Ra4 52.
f4 Rc4 53. Ra6 Rc5 54. Ra7+ Kf6 55. Rxg7 1-0

[Event "Reykjavik Open 2015"]
[Site "Reykjavik ISL"]
[Date "2015.03.15"]
[Round "7.19"]
[White "Welling, Gerard"]
[Black "Rasmussen, Allan Stig"]
[Result "0-1"]
[WhiteTitle "IM"]
[BlackTitle "GM"]
[WhiteElo "2355"]
[BlackElo "2532"]
[WhiteFideId "1000446"]
[BlackFideId "1406000"]
[EventDate "2015.03.10"]

1. d4 d5 2. Nf3 Nf6 3. e3 c5 4. c3 e6 5. Nbd2 Nbd7 6. Bd3 b6 7. O-O Bb7 8. Ne5
Bd6 9. f4 O-O 10. Qf3 a5 11. a4 Qc8 12. Rf2 Ra7 13. g4 Ne8 14. Qh3 g6 15. Ndf3
f5 16. Rg2 Nxe5 17. fxe5 Be7 18. Bd2 Ba6 19. Bc2 Ng7 20. gxf5 Nxf5 21. Kh1 Bd8
22. Rag1 Rg7 23. Qg4 Qd7 24. h4 h5 25. Qh3 Kh7 26. Ng5+ Bxg5 27. Rxg5 Be2 28.
Bxf5 exf5 29. Qg3 Bg4 30. Qf4 Qxa4 31. e4 dxe4 32. d5 Qc4 33. d6 Re8 34. R5xg4
hxg4 35. h5 Qe6 36. Qh6+ Kg8 37. Kg2 e3 0-1

[Event "Reykjavik Open 2015"]
[Site "Reykjavik ISL"]
[Date "2015.03.15"]
[Round "7.20"]
[White "Gulamali, Kazim"]
[Black "Grover, Sahaj"]
[Result "0-1"]
[WhiteTitle "FM"]
[BlackTitle "GM"]
[WhiteElo "2350"]
[BlackElo "2519"]
[WhiteFideId "2024764"]
[BlackFideId "5021103"]
[EventDate "2015.03.10"]

1. e4 e5 2. Nf3 Nc6 3. Nc3 Nf6 4. Bb5 Bb4 5. O-O O-O 6. d3 d6 7. Bg5 Ne7 8. Nh4
c6 9. Bc4 d5 10. exd5 Bxc3 11. bxc3 Nfxd5 12. Bd2 c5 13. Qh5 Nb6 14. Be3 Nxc4
15. dxc4 Qc7 16. f4 exf4 17. Bxf4 Qc6 18. Rad1 Be6 19. Bd6 Rfe8 20. Nf3 f6 21.
Qxc5 Qxc5+ 22. Bxc5 Bxc4 23. Rfe1 Nd5 24. Rxe8+ Rxe8 25. Bxa7 Ra8 26. Nd2 Nxc3
27. Re1 Bb5 28. a4 Bxa4 29. Bd4 Nb5 30. Nf3 Bxc2 31. Re2 Ra4 32. Bc5 Be4 33. Nd4
Nxd4 34. Rxe4 Ra1+ 35. Kf2 Ra2+ 36. Kf1 Nb3 37. Re8+ Kf7 38. Re7+ Kg6 39. Bb4
Rb2 40. Rd7 b5 41. Bf8 Kf5 42. Rxg7 Nd2+ 43. Ke1 Ne4 44. Rxh7 Rxg2 45. Rh5+ Ng5
46. Kf1 Rb2 47. h4 Kg4 48. Rh8 Ne4 49. Ke1 b4 50. Kd1 b3 51. Bb4 Nf2+ 0-1

[Event "Reykjavik Open 2015"]
[Site "Reykjavik ISL"]
[Date "2015.03.15"]
[Round "7.21"]
[White "Tari, Aryan"]
[Black "Christiansen, Johan-Sebastian"]
[Result "0-1"]
[WhiteTitle "IM"]
[BlackTitle "FM"]
[WhiteElo "2509"]
[BlackElo "2351"]
[WhiteFideId "1510045"]
[BlackFideId "1512668"]
[EventDate "2015.03.10"]

1. e4 e6 2. d4 d5 3. Nc3 Nf6 4. e5 Nfd7 5. f4 c5 6. Nf3 Nc6 7. Be3 Be7 8. Qd2
O-O 9. dxc5 Nxc5 10. O-O-O a6 11. Qf2 b6 12. Kb1 Qc7 13. f5 Nxe5 14. Qg3 Bd6 15.
Bf4 Nc4 16. f6 g6 17. Bxd6 Nxd6 18. Qh4 Nf5 19. Qg5 h6 20. Qd2 d4 21. Nxd4 Rd8
22. Qf2 Qd6 23. Bxa6 Nxd4 24. Bxc8 Raxc8 25. Nb5 Nxb5 26. Rxd6 Nxd6 27. Re1 Kh7
28. Qh4 Nf5 29. Qb4 Ne3 30. c3 Nxg2 31. Rg1 Rd2 32. Qxb6 Nd3 33. Qa7 Rxb2+ 34.
Ka1 Kg8 35. a4 Ngf4 36. a5 Rb3 37. a6 Rcxc3 38. Rxg6+ Nxg6 0-1

[Event "Reykjavik Open 2015"]
[Site "Reykjavik ISL"]
[Date "2015.03.15"]
[Round "7.22"]
[White "Nguyen, Thai Dai Van"]
[Black "Kjartansson, Gudmundur"]
[Result "1-0"]
[WhiteTitle "FM"]
[BlackTitle "IM"]
[WhiteElo "2338"]
[BlackElo "2491"]
[WhiteFideId "358878"]
[BlackFideId "2301318"]
[EventDate "2015.03.10"]

1. e4 c6 2. d4 d5 3. Nd2 dxe4 4. Nxe4 Bf5 5. Ng3 Bg6 6. h4 h6 7. Nf3 Nd7 8. h5
Bh7 9. Bd3 Bxd3 10. Qxd3 e6 11. Bd2 Ngf6 12. O-O-O Qc7 13. Qe2 Bd6 14. Nf5 Bf4
15. Bxf4 Qxf4+ 16. Ne3 O-O 17. Kb1 Rfe8 18. Nc4 Rad8 19. Nfe5 Qe4 20. Qxe4 Nxe4
21. Nd3 Nb6 22. Nxb6 axb6 23. c3 Rd5 24. Rde1 Nf6 25. Re5 Red8 26. Kc2 c5 27.
Rxd5 Rxd5 28. dxc5 bxc5 29. Rh4 b6 30. b4 cxb4 31. Rxb4 Nd7 32. Rd4 Rxd4 33.
cxd4 Kf8 34. Kb3 Ke7 35. Kc4 Kd6 36. Ne5 Nxe5+ 37. dxe5+ Kc6 38. a4 g6 39. g4
gxh5 40. gxh5 Kc7 41. Kb5 Kb7 42. f3 Kc7 43. Ka6 Kc6 44. f4 Kc5 45. Kb7 b5 46.
axb5 Kxb5 47. Kc7 Kc5 48. Kd7 1-0

[Event "Reykjavik Open 2015"]
[Site "Reykjavik ISL"]
[Date "2015.03.15"]
[Round "7.23"]
[White "Rombaldoni, Axel"]
[Black "Vuilleumier, Alexandre"]
[Result "1-0"]
[WhiteTitle "GM"]
[BlackTitle "IM"]
[WhiteElo "2488"]
[BlackElo "2349"]
[WhiteFideId "815837"]
[BlackFideId "1305662"]
[EventDate "2015.03.10"]

1. d4 Nf6 2. c4 e6 3. Nf3 d5 4. e3 Be7 5. b3 O-O 6. Bd3 b6 7. O-O Bb7 8. Bb2 c5
9. Nbd2 Nc6 10. Rc1 cxd4 11. exd4 Re8 12. Re1 Rc8 13. a3 Bf8 14. Nf1 g6 15. c5
a5 16. Bb5 Nd7 17. Qd2 e5 18. Nxe5 Ndxe5 19. dxe5 bxc5 20. Ne3 d4 21. Ng4 Kh8
22. f4 Qb6 23. Bc4 Re7 24. Nf6 Nb8 25. Nd5 Bxd5 26. Bxd5 Rd8 27. Bc4 Nc6 28. Qf2
Bg7 29. Rcd1 Na7 30. Rd3 Nc8 31. Rh3 f5 32. Qh4 Bf8 33. g4 fxg4 34. Qxg4 Nd6 35.
Be6 Nf5 36. Qxg6 Bh6 37. Qf6+ Ng7 38. Qxe7 1-0

[Event "Reykjavik Open 2015"]
[Site "Reykjavik ISL"]
[Date "2015.03.15"]
[Round "7.24"]
[White "Colovic, Aleksandar"]
[Black "Bisby, Daniel L"]
[Result "1/2-1/2"]
[WhiteTitle "GM"]
[BlackTitle "FM"]
[WhiteElo "2482"]
[BlackElo "2321"]
[WhiteFideId "15000729"]
[BlackFideId "404586"]
[EventDate "2015.03.10"]

1. d4 Nf6 2. c4 g6 3. Nc3 Bg7 4. e4 d6 5. h3 O-O 6. Nf3 e5 7. d5 Na6 8. Bg5 h6
9. Be3 Nc5 10. Nd2 a5 11. Be2 Bd7 12. g4 c6 13. h4 Nh7 14. Qc2 a4 15. a3 Qa5 16.
O-O-O cxd5 17. Nxd5 Kh8 18. g5 h5 19. Kb1 Rfc8 20. Rdg1 b5 21. Qd1 Rab8 22. Bxc5
Rxc5 23. Rg3 Be6 24. Ka1 Rbc8 25. Nb1 Bxd5 26. cxd5 b4 27. Qe1 Rb8 28. Re3 Nf8
29. Rg1 Nd7 30. Ka2 Kg8 31. Ka1 Rcc8 32. Qd2 Nc5 33. Bc4 Rb7 34. Rc1 Rcb8 35.
Rc2 Qa7 36. f3 Bf8 37. Qe2 Be7 38. Rd2 Bd8 39. axb4 Rxb4 40. Ra3 Ba5 41. Rc2
R4b6 42. Nc3 Bb4 43. Ra2 Bxc3 44. Rxc3 Rb4 45. Kb1 Qb6 46. Kc1 Kg7 47. Kb1 Rb7
48. Kc1 Nd7 49. Ba6 Rc7 50. Ra3 Nc5 51. Bc4 Rb7 52. Rc2 Ra7 53. Kb1 Kh7 54. Qe3 1/2-1/2

[Event "Reykjavik Open 2015"]
[Site "Reykjavik ISL"]
[Date "2015.03.15"]
[Round "7.25"]
[White "Kristjansson, Stefan"]
[Black "Ni, Shiqun"]
[Result "1/2-1/2"]
[WhiteTitle "GM"]
[BlackTitle "WIM"]
[WhiteElo "2482"]
[BlackElo "2315"]
[WhiteFideId "2301172"]
[BlackFideId "8608466"]
[EventDate "2015.03.10"]

1. e4 e5 2. Nf3 Nf6 3. Nc3 Bb4 4. Nxe5 O-O 5. Nd3 Bxc3 6. dxc3 Nxe4 7. Be3 Re8
8. Be2 d6 9. O-O Nc6 10. Re1 Bf5 11. Bf1 Qd7 12. f3 Nf6 13. Bg5 Rxe1 14. Qxe1
Re8 15. Qf2 Nd5 16. Rd1 h6 17. Bd2 a5 18. a3 Nb6 19. b3 Qe7 20. c4 Nd7 21. c5
Nxc5 22. Nxc5 dxc5 23. Re1 Be6 24. Bb5 Qd6 25. Bxa5 Ra8 26. Bc3 Nd4 27. a4 Bf5
28. Bc4 Rd8 29. Qh4 Nxc2 30. Qe7 Bg6 31. Re6 Qxe7 32. Rxe7 Na3 33. Be2 Nb1 34.
Be5 Nd2 35. Bxc7 Rc8 36. Bd1 c4 37. bxc4 Nxc4 38. Bf4 Nb2 39. Bb3 Ra8 40. Rxb7
Nxa4 41. Be3 Nb2 42. g4 h5 43. h3 Re8 44. Ba7 Nd3 45. Kh2 h4 46. Rb8 Kf8 47.
Rxe8+ Kxe8 48. Be3 f6 49. f4 Be4 50. Kg1 Nb4 51. f5 Nd5 52. Bd2 Ne7 53. Bc1 g5
54. fxg6 Nxg6 55. Kf2 Kf8 56. Bd2 Kg7 57. Be6 Ne7 58. Bc3 Kg6 59. Bd7 Bc6 60.
Bxc6 Nxc6 61. Ke3 f5 62. Kf4 1/2-1/2

[Event "Reykjavik Open 2015"]
[Site "Reykjavik ISL"]
[Date "2015.03.15"]
[Round "7.26"]
[White "Galego, Luis"]
[Black "Barthel, Ansgar"]
[Result "1-0"]
[WhiteTitle "GM"]
[WhiteElo "2461"]
[BlackElo "2230"]
[WhiteFideId "1900072"]
[BlackFideId "4643461"]
[EventDate "2015.03.10"]

1. e4 Nf6 2. d3 d5 3. e5 Nfd7 4. f4 e6 5. Nf3 c5 6. g3 Nc6 7. Bg2 Be7 8. O-O O-O
9. Qe2 Qc7 10. Nbd2 b5 11. c3 a5 12. h4 b4 13. c4 Nb6 14. b3 a4 15. Rb1 axb3 16.
axb3 Ra2 17. Bb2 Bd7 18. Rf2 Rd8 19. Bh3 Bf8 20. Qe3 Ne7 21. g4 Ng6 22. h5 Ne7
23. Ng5 h6 24. Ngf3 Bc8 25. g5 dxc4 26. dxc4 hxg5 27. fxg5 Nf5 28. Bxf5 exf5 29.
g6 Qd7 30. Qf4 Qe8 31. Rg2 Be6 32. gxf7+ Bxf7 33. h6 g6 34. e6 Bxe6 35. h7+ Kxh7
36. Qh4+ Kg8 37. Qh8+ Kf7 38. Qf6+ Kg8 39. Rxg6+ 1-0

[Event "Reykjavik Open 2015"]
[Site "Reykjavik ISL"]
[Date "2015.03.15"]
[Round "7.27"]
[White "Gislason, Gudmundur"]
[Black "Preotu, Razvan"]
[Result "0-1"]
[WhiteTitle "FM"]
[BlackTitle "IM"]
[WhiteElo "2321"]
[BlackElo "2447"]
[WhiteFideId "2300559"]
[BlackFideId "2613280"]
[EventDate "2015.03.10"]

1. d4 Nf6 2. g3 e6 3. Bg2 c5 4. Nf3 cxd4 5. Nxd4 d5 6. O-O e5 7. Nb3 Nc6 8. Bg5
Be6 9. e3 Qd7 10. Nc3 O-O-O 11. e4 dxe4 12. Qxd7+ Rxd7 13. Bxf6 gxf6 14. Nxe4
Be7 15. Nec5 Bxc5 16. Nxc5 Rd2 17. Bxc6 bxc6 18. Nxe6 fxe6 19. Rac1 Rhd8 20.
Rfe1 h5 21. h4 Kc7 22. Kf1 a5 23. Re3 R8d5 24. Ke1 R2d4 25. c4 Rc5 26. b3 a4 27.
Rd1 axb3 28. axb3 Rxd1+ 29. Kxd1 Ra5 30. Ke2 Ra2+ 31. Kf3 Rb2 32. Kg2 Kd6 33.
Kg1 Kc5 34. Rd3 f5 35. Rd8 Rxb3 36. Rh8 Kxc4 37. Rxh5 Kd5 38. Rh8 c5 39. h5 Rb7
40. Kg2 e4 41. h6 Rc7 42. g4 fxg4 43. Kg3 c4 44. h7 Ke5 45. Kxg4 c3 0-1

[Event "Reykjavik Open 2015"]
[Site "Reykjavik ISL"]
[Date "2015.03.15"]
[Round "7.28"]
[White "Mihajlov, Sebastian"]
[Black "Soors, Stef"]
[Result "1/2-1/2"]
[WhiteTitle "FM"]
[BlackTitle "IM"]
[WhiteElo "2308"]
[BlackElo "2408"]
[WhiteFideId "1512110"]
[BlackFideId "209511"]
[EventDate "2015.03.10"]

1. d4 Nf6 2. c4 e6 3. Nc3 Bb4 4. e3 O-O 5. Ne2 c6 6. a3 Ba5 7. Ng3 d5 8. Bd3
Nbd7 9. O-O Bc7 10. e4 dxc4 11. Bxc4 e5 12. Be3 Nb6 13. Be2 Qe7 14. dxe5 Bxe5
15. f3 Re8 16. Qc2 h5 17. Bd3 h4 18. Nge2 Qc7 19. h3 Nbd5 20. Bf2 Nxc3 21. bxc3
Nh5 22. Bxh4 Re6 23. g4 Nf4 24. Nxf4 Bxf4 25. Kg2 Rh6 26. Qf2 Rd6 27. Rfd1 Be6
28. Bc2 g5 29. Bg3 Rad8 30. Rxd6 Rxd6 31. Rd1 Rxd1 32. Bxd1 Bxg3 33. Qxg3 Qd8
34. Be2 Qd2 35. Kf1 Qc1+ 1/2-1/2

[Event "Reykjavik Open 2015"]
[Site "Reykjavik ISL"]
[Date "2015.03.15"]
[Round "7.29"]
[White "L'Ami, Alina"]
[Black "Thorhallsson, Simon"]
[Result "1-0"]
[WhiteTitle "IM"]
[WhiteElo "2393"]
[BlackElo "2009"]
[WhiteFideId "1210246"]
[BlackFideId "2310090"]
[EventDate "2015.03.10"]

1. d4 d5 2. c4 c6 3. Nf3 Nf6 4. Nc3 e6 5. Bg5 h6 6. Bh4 dxc4 7. e4 g5 8. Bg3 b5
9. Be2 Bb7 10. h4 g4 11. Ne5 Nbd7 12. Bxg4 Rg8 13. Bf3 Rxg3 14. fxg3 Nxe5 15.
dxe5 Nd7 16. Bh5 Qc7 17. O-O O-O-O 18. Bxf7 Qxe5 19. Qg4 b4 20. Na4 Nc5 21. Nxc5
Bxc5+ 22. Kh2 Qxb2 23. Bxe6+ Kc7 24. Bxc4 Bc8 25. Qf4+ Kb7 26. Rab1 Qc3 27. Rfc1
Qg7 28. Ba6+ Kxa6 29. Rxc5 Kb6 30. Qb8+ Kxc5 31. Qxb4# 1-0

[Event "Reykjavik Open 2015"]
[Site "Reykjavik ISL"]
[Date "2015.03.15"]
[Round "7.30"]
[White "Wahedi, Ahmad Siar"]
[Black "Ahlander, Bjorn"]
[Result "1/2-1/2"]
[WhiteTitle "FM"]
[BlackTitle "IM"]
[WhiteElo "2287"]
[BlackElo "2380"]
[WhiteFideId "4651260"]
[BlackFideId "1700251"]
[EventDate "2015.03.10"]

1. e4 c5 2. Nf3 d6 3. c3 Nf6 4. Bc4 e6 5. Qe2 Be7 6. d4 cxd4 7. cxd4 d5 8. exd5
Nxd5 9. O-O Nc6 10. Nc3 O-O 11. Rd1 a6 12. Ne5 Nxe5 13. dxe5 Nxc3 14. bxc3 Qc7
15. Bd3 g6 16. Bh6 Rd8 17. Bc2 Bd7 18. Qe3 Be8 19. Bb3 a5 20. Qf4 a4 21. Rxd8
Rxd8 22. Bxa4 Qxc3 23. Rc1 Bxa4 24. Qxa4 Qxe5 25. g3 Bc5 26. Rd1 Rxd1+ 27. Qxd1
Qd4 28. Qc2 Qd5 29. Qa4 Qd8 30. h4 Bf8 31. Bg5 Qc8 32. Qf4 h5 33. Qf6 Qd7 34.
Qf4 Qd1+ 35. Kh2 Qd6 36. Qa4 Qb8 37. Qd7 b5 38. Bf4 e5 39. Bg5 b4 40. Be3 Qd6
41. Qe8 Kg7 42. Qa8 Be7 43. Bh6+ Kh7 44. Be3 Bf8 45. Qe8 Qe7 46. Qc8 Kg7 47. Qa8
Qf6 48. Kg1 Qd6 49. Kh2 Be7 50. Bh6+ Kh7 51. Be3 f5 52. Qe8 Bf6 53. Qf7+ Bg7 54.
Bg5 Qc6 55. Qe7 Qc2 56. Bf6 Qxf2+ 57. Kh1 Qe1+ 58. Kh2 Qe2+ 59. Kh1 Qd1+ 60. Kh2
Qe2+ 61. Kh1 Qd1+ 62. Kh2 Qe2+ 1/2-1/2

[Event "Reykjavik Open 2015"]
[Site "Reykjavik ISL"]
[Date "2015.03.15"]
[Round "7.31"]
[White "Hauge, Lars Oskar"]
[Black "Baldvinsson, Loftur"]
[Result "1-0"]
[WhiteTitle "FM"]
[WhiteElo "2380"]
[BlackElo "1945"]
[WhiteFideId "1509276"]
[BlackFideId "2301261"]
[EventDate "2015.03.10"]

1. b3 Nf6 2. Bb2 g6 3. g3 Bg7 4. Bg2 O-O 5. Nf3 d6 6. d4 c6 7. O-O Nbd7 8. c4
Re8 9. Nc3 e5 10. e3 Nh5 11. e4 Qa5 12. Qd2 Nf8 13. d5 c5 14. Ne1 a6 15. a3 Rb8
16. Nd3 Qc7 17. f4 Bh6 18. Qf2 exf4 19. gxf4 b5 20. Ra2 bxc4 21. bxc4 Nd7 22.
Ba1 Rb3 23. Qc2 Rb7 24. e5 dxe5 25. fxe5 Be3+ 26. Kh1 Nxe5 27. Nxe5 Rxe5 28. Ne4
Bd4 29. Bxd4 cxd4 30. Qf2 Bf5 31. Qxd4 Bxe4 32. Bxe4 Rg5 33. d6 Qb6 34. Qxb6
Rxb6 35. Rd2 Rb8 36. Bb7 Rd8 37. Bxa6 Ra5 38. Bb5 Rxa3 39. c5 Ra5 40. c6 Rxb5
41. c7 Rbb8 42. d7 Ra8 43. Ra2 Rf8 1-0

[Event "Reykjavik Open 2015"]
[Site "Reykjavik ISL"]
[Date "2015.03.15"]
[Round "7.32"]
[White "Wege, Jochen"]
[Black "Abdumalik, Zhansaya"]
[Result "0-1"]
[WhiteTitle "FM"]
[BlackTitle "WGM"]
[WhiteElo "2277"]
[BlackElo "2379"]
[WhiteFideId "4620488"]
[BlackFideId "13703544"]
[EventDate "2015.03.10"]

1. e4 e5 2. f4 d5 3. exd5 exf4 4. Nf3 Qxd5 5. Nc3 Qd8 6. d4 Bd6 7. Bd3 Ne7 8.
O-O h6 9. Ne5 Bxe5 10. dxe5 Nbc6 11. Bxf4 Be6 12. Bg3 Qd4+ 13. Kh1 O-O-O 14. Qe2
g5 15. Rae1 h5 16. Nb5 Qa4 17. b3 Qa5 18. a4 a6 19. Na3 h4 20. Bf2 g4 21. Nc4
Qc3 22. Be3 Rhg8 23. Bd2 Qd4 24. Rf4 Qd7 25. Be3 Nd5 26. Rff1 g3 27. Be4 Nc3 28.
Qf3 Nxe4 29. Qxe4 h3 30. hxg3 hxg2+ 31. Qxg2 Bd5 32. Rf3 Bxf3 0-1

[Event "Reykjavik Open 2015"]
[Site "Reykjavik ISL"]
[Date "2015.03.15"]
[Round "7.33"]
[White "Haugli, Petter"]
[Black "Arngrimsson, Dagur"]
[Result "0-1"]
[WhiteTitle "IM"]
[BlackTitle "IM"]
[WhiteElo "2247"]
[BlackElo "2366"]
[WhiteFideId "1500104"]
[BlackFideId "2301288"]
[EventDate "2015.03.10"]

1. d4 d5 2. c4 c6 3. Nf3 Nf6 4. Nc3 dxc4 5. a4 Bf5 6. e3 e6 7. Bxc4 Bb4 8. O-O
O-O 9. Qe2 Nbd7 10. e4 Bg6 11. Bd3 Bh5 12. h3 e5 13. g4 exd4 14. Na2 Nxg4 15.
hxg4 Bxg4 16. Nxb4 Qf6 17. e5 Qxf3 18. Qxf3 Bxf3 19. Re1 c5 20. Nc2 f6 21. exf6
Nxf6 22. b4 b6 23. bxc5 bxc5 24. Na3 Ng4 25. Nc4 Bd5 26. f4 Rab8 27. Ne5 Rfe8
28. Bb5 Nxe5 29. Rxe5 Rxe5 30. fxe5 c4 31. Ba3 Rb6 32. Bd6 a6 33. Rf1 h5 34. Be8
Rb2 35. Rf8+ Kh7 36. Bf7 Bxf7 37. Rxf7 d3 38. e6 Re2 0-1

[Event "Reykjavik Open 2015"]
[Site "Reykjavik ISL"]
[Date "2015.03.15"]
[Round "7.34"]
[White "Gulbrandsen, Tor"]
[Black "Akesson, Ralf"]
[Result "0-1"]
[BlackTitle "GM"]
[WhiteElo "2095"]
[BlackElo "2456"]
[WhiteFideId "1504142"]
[BlackFideId "1700120"]
[EventDate "2015.03.10"]

1. e4 c5 2. c3 d5 3. exd5 Qxd5 4. d4 Nf6 5. Nf3 Bg4 6. Be2 e6 7. Na3 Qd8 8. Nc2
Nbd7 9. O-O cxd4 10. Nfxd4 Bxe2 11. Qxe2 Be7 12. Bf4 O-O 13. Rad1 Re8 14. Nb5 e5
15. Bg5 Qb8 16. c4 Nc5 17. Ne3 Nce4 18. Bxf6 Nxf6 19. Nf5 Bf8 20. a3 e4 21. b4
b6 22. Ne3 Re5 23. Nd5 Nxd5 24. cxd5 a6 25. Nc3 Bd6 26. Rfe1 f5 27. Qe3 Re7 28.
Qh3 Qf8 29. Ne2 Qf6 30. Nd4 Rf7 31. Re2 h6 32. Rc2 Qe5 33. Ne6 f4 34. Rc6 a5 35.
bxa5 Rxa5 36. Rc8+ Kh7 37. Rd8 Rxa3 38. g3 e3 39. Rxd6 exf2+ 40. Kf1 Re3 41.
Ng5+ Qxg5 42. Re6 Re1+ 43. Rexe1 fxe1=Q+ 0-1

[Event "Reykjavik Open 2015"]
[Site "Reykjavik ISL"]
[Date "2015.03.15"]
[Round "7.35"]
[White "Loftsson, Hrafn"]
[Black "Hamitevici, Vladimir"]
[Result "0-1"]
[BlackTitle "IM"]
[WhiteElo "2171"]
[BlackElo "2450"]
[WhiteFideId "2300729"]
[BlackFideId "13902393"]
[EventDate "2015.03.10"]

1. Nf3 c5 2. c4 g6 3. d4 Nf6 4. Nc3 Bg7 5. g3 O-O 6. Bg2 d6 7. dxc5 dxc5 8. Qxd8
Rxd8 9. Be3 Na6 10. O-O Ng4 11. Bg5 f6 12. Bc1 Be6 13. b3 Nb4 14. Bb2 Rac8 15.
Rfd1 Kf8 16. h3 Nh6 17. Ne1 Rxd1 18. Rxd1 f5 19. Nd3 Nxd3 20. Rxd3 b6 21. Bc1
Nf7 22. Nd5 Ne5 23. Nf4 Bf7 24. Rd1 e6 25. Kf1 Ke7 26. Bb2 Bf6 27. h4 h6 28. Bc1
g5 29. hxg5 hxg5 30. Nh3 g4 31. Nf4 Be8 32. Bb2 b5 33. cxb5 Bxb5 34. Bxe5 Bxe5
35. Ng6+ Kf6 36. Nxe5 Kxe5 37. Ke1 c4 38. bxc4 Rxc4 39. Rb1 a6 40. Rb2 Ra4 41.
Kd2 Bc4 42. Kc3 Bxa2 43. e3 Bd5 44. Bf1 Ra1 45. Bd3 a5 46. Rb1 Ra3+ 0-1

[Event "Reykjavik Open 2015"]
[Site "Reykjavik ISL"]
[Date "2015.03.15"]
[Round "7.36"]
[White "Thorfinnsson, Bragi"]
[Black "Thorgeirsson, Jon Kristinn"]
[Result "1/2-1/2"]
[WhiteTitle "IM"]
[WhiteElo "2429"]
[BlackElo "2177"]
[WhiteFideId "2300958"]
[BlackFideId "2307731"]
[EventDate "2015.03.10"]

1. e4 e5 2. Nf3 Nc6 3. d4 exd4 4. Nxd4 Bc5 5. Nb3 Bb6 6. Nc3 d6 7. Qe2 Be6 8.
Be3 Nf6 9. O-O-O Qe7 10. Kb1 Bxb3 11. axb3 Bxe3 12. Qxe3 O-O 13. h4 Rfe8 14. f3
Rad8 15. Qf2 d5 16. exd5 Nxd5 17. Nxd5 Rxd5 18. Bd3 Qd6 19. Rde1 Rd8 20. Qe2 g6
21. h5 Nb4 22. hxg6 hxg6 23. Bc4 Rd2 24. Qe3 Rd1+ 25. Rxd1 Qxd1+ 26. Rxd1 Rxd1+
27. Qc1 Rxc1+ 28. Kxc1 Kg7 29. Kd2 f6 30. c3 Nc6 31. Bd5 Nd8 32. Ke3 g5 1/2-1/2

[Event "Reykjavik Open 2015"]
[Site "Reykjavik ISL"]
[Date "2015.03.15"]
[Round "7.37"]
[White "Hagen, Andreas Skytte"]
[Black "Byron, Alan M"]
[Result "1-0"]
[WhiteTitle "IM"]
[WhiteElo "2412"]
[BlackElo "2172"]
[WhiteFideId "1407341"]
[BlackFideId "401773"]
[EventDate "2015.03.10"]

1. c4 Nf6 2. g3 g6 3. Bg2 Bg7 4. Nc3 O-O 5. e4 d6 6. Nge2 c5 7. O-O Nc6 8. d3
Ne8 9. Be3 Nd4 10. Qd2 Nc7 11. Bh6 Nce6 12. Bxg7 Kxg7 13. f4 f6 14. h4 Qa5 15.
Rae1 Nxe2+ 16. Rxe2 Nd4 17. Ref2 Rb8 18. f5 Nc6 19. g4 gxf5 20. exf5 Ne5 21. Bd5
Bd7 22. g5 Bc6 23. gxf6+ exf6 24. Rg2+ Kh8 25. Qh6 Qc7 26. Kh1 Rf7 27. Rfg1 Qd7
28. Qxf6+ 1-0

[Event "Reykjavik Open 2015"]
[Site "Reykjavik ISL"]
[Date "2015.03.15"]
[Round "7.38"]
[White "Tania, Sachdev"]
[Black "Brzezinski, Adam"]
[Result "1-0"]
[WhiteTitle "IM"]
[WhiteElo "2404"]
[BlackElo "2150"]
[WhiteFideId "5007844"]
[BlackFideId "1710460"]
[EventDate "2015.03.10"]

1. d4 Nf6 2. c4 c5 3. d5 e5 4. Nc3 d6 5. e4 Be7 6. Bd3 Nbd7 7. Nge2 Nf8 8. Ng3
Ng6 9. Nf5 O-O 10. g3 Re8 11. Be3 a6 12. a4 b6 13. Qe2 Bf8 14. O-O-O Bxf5 15.
exf5 Nf4 16. Bxf4 exf4 17. Qd2 Be7 18. gxf4 Nd7 19. Rde1 Bf6 20. Ne4 Qc7 21. Re3
Bd4 22. Rg3 Nf6 23. Nc3 Kh8 24. Rhg1 Rg8 25. Kb1 Qd7 26. Qc2 Rae8 27. Nd1 Re7
28. Qb3 Qb7 29. Rh3 Rge8 30. Ka2 Re1 31. Rxe1 Rxe1 32. Ne3 Qd7 33. Nc2 Re8 34.
Nxd4 cxd4 35. Rg3 Qc7 36. Rg1 Qc5 37. Kb1 Qa5 38. Bc2 h6 39. Ka2 Ra8 40. Rd1 b5
41. cxb5 axb5 42. Rxd4 Kg8 43. Qa3 Qb6 44. Qb4 Qc7 45. Kb1 Rc8 46. Qd2 bxa4 47.
Bxa4 Ra8 48. Bc6 Ra5 49. Ra4 Rxa4 50. Bxa4 Qc4 51. Bc6 Ne4 52. Qc2 Qb4 53. Ka2
Nc5 54. Qc3 Qxc3 55. bxc3 Nd3 56. Kb3 Kf8 57. Kc4 Nxf4 58. Kd4 Ke7 59. Bb5 Nh3
60. f3 Kf6 61. c4 Ng1 62. Ke4 Ke7 63. Ba6 Ne2 64. c5 Nc3+ 65. Kd4 Na4 66. c6 Kd8
67. Bd3 f6 68. Bc2 Nb6 69. Ke4 Kc7 70. Bd3 Nc8 71. f4 Ne7 72. Be2 Kb6 73. Bh5
Kc7 74. Bf7 Kb6 75. Be6 Kc7 76. h4 Kb6 77. h5 Kc7 78. Kd4 Kb6 79. Kc4 Ka6 80. c7
Kb7 81. Kb5 Kxc7 82. Ka6 Nc6 83. dxc6 Kxc6 84. Ka7 Kc5 85. Kb7 Kd4 86. Kc6 d5
87. Bxd5 Ke3 88. Bf7 1-0

[Event "Reykjavik Open 2015"]
[Site "Reykjavik ISL"]
[Date "2015.03.15"]
[Round "7.39"]
[White "Thorfinnsson, Bjorn"]
[Black "Karlsson, Mikael Johann"]
[Result "1-0"]
[WhiteTitle "IM"]
[WhiteElo "2403"]
[BlackElo "2138"]
[WhiteFideId "2300982"]
[BlackFideId "2305194"]
[EventDate "2015.03.10"]

1. d4 d5 2. c4 c6 3. Nf3 Nf6 4. Nc3 e6 5. Qc2 Nbd7 6. Bd2 Be7 7. g4 Nxg4 8. Rg1
h5 9. h3 Nh6 10. cxd5 exd5 11. Rxg7 Nf8 12. Bg5 Bf5 13. Qd2 Bxg5 14. Rxg5 Bg6
15. Ne5 Nf5 16. Rc1 Qf6 17. e4 Nxd4 18. Nxd5 Qd8 19. Qxd4 Ne6 20. Qc3 Qxg5 21.
Nxg6 fxg6 22. Qxh8+ Kf7 23. Qh7+ Ng7 24. Ne3 Qa5+ 25. Rc3 Re8 26. Bc4+ Kf6 27.
Kf1 Qe5 28. Rd3 b5 29. Bb3 Qc7 30. Ng2 1-0